000 00360pab a2200133 454500
008 180718b2001 xxu||||| |||| 00| 0 eng d
100 _aRonki Ram
245 _aAfro-Asian dialogue:understanding globalisation in the periphery
260 _c2001
300 _ap.83-95.
650 _aGlobalization
773 _aSocial Science Research Journal
909 _a51839
999 _c51839
_d51839